000 01409cam a22003014a 4500
999 _c329074
_d329074
001 12496362
003 Nust
005 20170421170900.0
008 010807s2002 nyuab b 001 0 eng
010 _a 2001053112
020 _a0195142748 (pbk.)
040 _aDLC
_cDLC
_dDLC
042 _apcc
050 0 0 _aTD883
_b.T85 2002
082 0 0 _a363.7392 TUR
_221
100 1 _aTurco, Richard P.,
_d1943-
245 1 0 _aEarth under siege :
_bfrom air pollution to global change /
_cRichard P. Turco ; with a foreword by Carl Sagan.
250 _a2nd ed.
260 _aNew York :
_bOxford University Press,
_c2002.
300 _axvi, 530 p. :
_bill., maps ;
_c26 cm.
500 _aP.B
504 _aIncludes bibliographical references and index.
650 0 _aAir pollution.
650 0 _aClimatic changes.
856 4 1 _3Table of contents only
_uhttp://www.loc.gov/catdir/enhancements/fy0611/2001053112-t.html
856 4 2 _3Publisher description
_uhttp://www.loc.gov/catdir/enhancements/fy0611/2001053112-d.html
856 4 2 _3Contributor biographical information
_uhttp://www.loc.gov/catdir/enhancements/fy0724/2001053112-b.html
906 _a7
_bcbc
_corignew
_d1
_eocip
_f20
_gy-gencatlg
942 _2ddc
_cBK
_k363.7392 TUR